[Event "103rd Marshall Chess Club-ch 2019"]
[Site "New York"]
[Date "2019.11.16"]
[Round "6"]
[White "Paragua, Mark"]
[Black "Steingrimsson, Hedinn"]
[Result "1-0"]
[WhiteElo "2496"]
[BlackElo "2549"]
[Annotator "TA"]
[PlyCount "49"]
[EventDate "2019.11.14"]
[EventType "tourn"]
[EventCountry "USA"]
[SourceTitle "playchess.com"]
[Source "ChessBase"]
[SourceQuality "1"]

{[%evp 10,49,6,20,16,19,20,10,24,0,0,0,0,-6,14,-6,0,0,0,0,-9,-15,82,87,145,57,243,173,897,893,1403,1337,29984,29985,29990,29990,29990,29991,29997,29988,29998,29999]} 1. c4 e5 2. g3 Nf6 3. Bg2 d5 4. cxd5 Nxd5 5. Nc3 Nb6 6. e3 Nc6 {[%cal Bb8c6,Bc6e5,Be5f3][%mdl 32] A22: English Opening: 1...e5 2 Nc3 Nf6} 7. Nge2 $1 g6 (7... Qd3 8. f4 Bb4 9. fxe5 Nxe5 10. Nf4 Qa6 11. Qc2 O-O 12. d4 Ng4 13. Nd3 Bxc3+ 14. Qxc3 {½-½ (36) Aronian,L (2762)-Nepomniachtchi,I (2773) Moscow 2019}) 8. d4 exd4 {The position is equal.} 9. exd4 Bg7 10. d5 Ne5 11. O-O Bg4 $146 ({Predecessor:} 11... O-O 12. Bf4 Nbc4 13. b3 Nd6 14. Qd2 {½-½ (33) Cornette,M (2599)-Hertneck,G (2476) Germany 2017}) 12. b3 Nf3+ 13. Kh1 {[#]} Nxh2 $1 {[%mdl 512]} 14. Kxh2 {aiming for Qd2.} Bxc3 $1 15. Ba3 {f3 is the strong threat.} Bxa1 (15... Qg5 $11 {remains equal.} 16. f3 Bxa1 17. Qxa1 O-O-O 18. fxg4 Nxd5 19. Rxf7 Ne3) 16. Qxa1 $16 Kd7 {[#]} (16... f6 $142) 17. Nd4 ({White should try} 17. Qg7 $1 $16) 17... Qg5 $2 ({Better is} 17... Qf6 $1 $14) 18. Rc1 {Black must now prevent Ne6!} Rac8 $2 {[#]} ({Worse is} 18... Nxd5 19. Nb5 $15) (18... Rhe8) 19. Ne6 $1 $18 {[%mdl 512]} Qh5+ (19... fxe6 20. Qg7+) 20. Kg1 {White wants to mate with Qf6.} Nxd5 21. Nc5+ {[%mdl 64] Double Attack. White mates.} Kc6 22. Qf6+ Kb5 23. Qd4 Rhd8 24. Qa4+ Kb6 {[#]} 25. Nd7+ $1 {[%mdl 576] Clearance. Accuracy: White = 65%, Black = 24%.} 1-0

[Event "103rd Marshall Chess Club-ch 2019"]
[Site "New York"]
[Date "2019.11.16"]
[Round "6"]
[White "Niemann, Hans Moke"]
[Black "Krush, Irina"]
[Result "1-0"]
[WhiteElo "2436"]
[BlackElo "2424"]
[Annotator "TA"]
[PlyCount "79"]
[EventDate "2019.11.14"]
[EventType "tourn"]
[EventCountry "USA"]
[SourceTitle "playchess.com"]
[Source "ChessBase"]
[SourceQuality "1"]

{[%evp 21,79,15,12,0,3,10,9,0,-1,1,9,0,10,6,6,6,30,23,36,-20,-20,-15,3,13,27,29,23,26,18,19,189,191,314,231,245,245,249,252,244,231,462,447,501,498,491,498,481,400,449,438,449,456,419,397,450,436,443,424,558,555]} 1. d4 d6 2. Nf3 Nf6 3. c4 g6 4. g3 Bg7 5. Bg2 O-O 6. O-O c5 7. Nc3 Nc6 8. dxc5 dxc5 9. Be3 Be6 10. Bxc5 Qa5 11. Ba3 Bxc4 12. Nd2 {E65: King's Indian: Fianchetto: 6...c5 7 0-0 without d5 by White} Be6 13. Qa4 Qh5 $146 ({Predecessor:} 13... Qxa4 14. Nxa4 Rfd8 15. Rfd1 Bg4 16. Nc3 Nd7 17. h3 Be6 18. Nd5 Bxd5 19. Bxd5 Nb6 20. Bxc6 bxc6 {½-½ (32) Yang,K (2505)-Chiku Ratte,O (2406) Kingston 2019}) 14. Qb5 {The position is equal.} Qxb5 15. Nxb5 Rac8 16. Bxc6 Rxc6 17. Bxe7 Re8 18. Ba3 Bh3 19. Rfe1 a6 20. Nd6 (20. Nd4 $14 Rcc8 21. Rac1) 20... Rd8 $11 21. N2c4 b5 {[#]} 22. Nxf7 $1 {[%mdl 512] aiming for Nce5.} Rb8 (22... Kxf7 23. Ne5+) 23. Nce5 Rc2 24. Ng5 Bf5 {And now ...b4 would win.} 25. Bb4 Rxb2 $2 (25... Re8 $11 {and Black is okay.} 26. f4 Ng4) 26. Nc6 $18 Nd5 (26... Rxb4 {was worth a try.} 27. Nxb4 Ne4) 27. Nxb8 Nxb4 28. e4 Bg4 29. h3 Be2 {[#]} 30. Rab1 $1 {[%cal Rb1b2] Strongly threatening Rxb2.} Rxa2 $2 (30... Bc4 {is a better defense.} 31. Rxb2 Bxb2) 31. Rxb4 Bc3 {[#]} 32. Rxe2 $1 Rxe2 33. Rb3 Bd4 34. Nc6 Bxf2+ 35. Kf1 Re3 36. Rxe3 Bxe3 37. Ne6 Bb6 38. Ke2 {White is clearly winning.} Kf7 39. Nf4 a5 40. Nd5 {Accuracy: White = 73%, Black = 35%.} 1-0

[Event "103rd Marshall Chess Club-ch 2019"]
[Site "New York"]
[Date "2019.11.17"]
[Round "7"]
[White "Steingrimsson, Hedinn"]
[Black "Niemann, Hans Moke"]
[Result "0-1"]
[WhiteElo "2549"]
[BlackElo "2436"]
[Annotator "TA"]
[PlyCount "132"]
[EventDate "2019.11.14"]
[EventType "tourn"]
[EventCountry "USA"]
[SourceTitle "playchess.com"]
[Source "ChessBase"]
[SourceQuality "1"]

{[%evp 9,132,17,25,25,31,31,32,28,30,27,28,27,36,31,31,33,31,30,39,33,37,20,39,36,44,33,45,17,15,-8,-12,-8,-12,-7,0,0,0,0,0,0,0,-6,0,-2,-2,-6,-9,-9,-5,-7,-10,-20,0,0,0,-14,-15,-16,-16,-51,-40,-37,-30,-52,-8,-8,-8,-66,-66,-66,-66,-66,-66,-518,-438,-29950,-29948,-29951,-29950,-29953,-29956,-29947,-29954,-29958,-29957,-29957,-29953,-29955,-29956,-29956,-51,-29959,-29965,-29969,-29970,-29970,-29971,-29971,-29972,-29972,0,-29971,-29972,-29972,-29973,-29973,-29974,-29974,-29975,-29975,0,-29972,-29973,-29973,-29974,-29974,-29975,-29975,-29976,-29971,-29977,-29979,-29980,-29980,-29981]} 1. Nf3 d5 2. d4 Nf6 3. c4 e6 4. Nc3 a6 5. cxd5 exd5 6. Bg5 {D37: Queen's Gambit Declined: 5 Bf4} Be6 7. e3 Nbd7 8. Bd3 {White is slightly better.} c6 $146 (8... h6 9. Bf4 g5 10. Bg3 Nh5 11. Be5 Nhf6 12. Bg3 Nh5 13. Ne2 Nxg3 14. Nxg3 {1-0 (61) Leko,P (2679)-Caruana,F (2832) Germany 2019}) 9. h3 Bd6 10. Bf4 Qb8 11. Qd2 O-O 12. O-O h6 13. Rfe1 Nh5 {[%cal Rh5f4]} 14. Bxd6 Qxd6 15. Ne2 Rfe8 16. Rac1 g6 17. Nf4 Ng7 18. Nxe6 Nxe6 19. e4 dxe4 20. Bxe4 Nf6 21. Qxh6 {And now Bxg6! would win.} Qf4 22. Qxf4 Nxf4 23. Ne5 Rad8 24. Rcd1 Ne6 25. Kf1 Rxd4 26. Rxd4 Nxd4 27. Bb1 c5 28. Nc4 Rd8 29. Ne3 b5 30. Rd1 Nd5 31. Nxd5 Rxd5 $11 {[%mdl 4096] Endgame KRB-KRN} 32. h4 Rh5 33. g3 g5 34. Kg2 gxh4 35. Rh1 h3+ (35... a5 {feels hotter.} 36. gxh4 a4 37. Kg3 Re5 38. Bd3 Re6) 36. Rxh3 Rxh3 (36... Re5 {with more complications.} 37. Rh4 Re1 38. Bh7+ Kg7 39. b4 Ne6) 37. Kxh3 {KB-KN} c4 {Strongly threatening ...b4.} 38. a3 (38. Kg4 $1 $11) 38... a5 $1 $15 39. Kg4 {Black should prevent Kf4.} b4 $1 {[%cal Rb4a3]} 40. axb4 axb4 41. Kf4 $2 {[%mdl 8192]} ({White has to play} 41. f4 $1 $15) 41... c3 $19 42. bxc3 (42. Ke3 $19 c2 43. Bxc2 Nxc2+ 44. Kd3) 42... bxc3 43. Ke5 c2 44. Bxc2 Nxc2 {KN-KPP} 45. Kf6 Nb4 $1 {[%cal Rb4d3]} 46. f3 Nd5+ 47. Ke5 Ne7 48. Kf6 Kf8 49. g4 Ng8+ 50. Kg5 $2 {[%mdl 8192] [#]} (50. Ke5 $15) 50... Kg7 $1 51. f4 Ne7 52. Kh4 Kf6 53. Kg3 Ke6 54. Kh4 Kf6 55. Kg3 Ng8 56. Kh4 Ke6 57. Kg5 {[#]} Nf6 $1 {[%cal Rf6d5]} 58. Kh4 Ne4 59. Kh5 Nf6+ 60. Kh4 Nd5 {Black mates.} 61. Kg3 Kd6 62. Kf3 Nf6 63. g5 Nh5 64. Kg4 Ng7 65. f5 Ke5 66. f6 Ne6 {Accuracy: White = 55%, Black = 71%.} 0-1

[Event "103rd Marshall Chess Club-ch 2019"]
[Site "New York"]
[Date "2019.11.17"]
[Round "7"]
[White "Sturt, Raven"]
[Black "Paragua, Mark"]
[Result "1/2-1/2"]
[WhiteElo "2466"]
[BlackElo "2496"]
[Annotator "TA"]
[PlyCount "91"]
[EventDate "2019.11.14"]
[EventType "tourn"]
[EventCountry "USA"]
[SourceTitle "playchess.com"]
[Source "ChessBase"]
[SourceQuality "1"]

{[%evp 18,91,35,32,41,41,84,65,81,60,58,15,44,0,0,0,20,0,28,0,0,0,0,0,0,0,5,4,21,13,24,27,14,13,10,9,31,0,0,-30,-16,-105,-25,-125,0,-85,-88,-174,0,-236,-40,-41,-46,-54,0,0,0,-8,-8,-8,-8,-8,0,0,0,0,0,0,0,0,0,0,0,0,0,0]} 1. d4 Nf6 2. c4 e6 3. Nc3 Bb4 4. Qc2 d5 5. Nf3 c5 6. dxc5 Nc6 7. a3 Bxc5 8. b4 Be7 9. e3 O-O 10. Bb2 dxc4 {D40: Queen's Gambit Declined: Semi-Tarrasch with 5 e3} 11. Bxc4 a6 12. O-O b5 {White is slightly better.} 13. Bd3 Bb7 14. Ne4 (14. Rfd1 Qb6 15. Ne4 Nxe4 16. Bxe4 h6 17. Rd7 Rac8 18. Qb3 Rc7 19. Rxc7 Qxc7 {1-0 (72) Demidov,M (2523)-Luch,M (2398) Katowice 2017}) 14... Rc8 {...Ne5! is the strong threat.} 15. Nc5 Bxc5 $1 16. bxc5 h6 17. Rac1 Qe7 18. Qc3 $146 ({Predecessor:} 18. Ne5 Rfd8 {½-½ (38) Mohota,N (2311)-Ozturk,K (2254) Beijing 2008}) 18... Rfd8 19. Rfd1 Nb8 20. a4 bxa4 21. Ba3 {Strongly threatening c6.} Qc7 22. Qb4 Bxf3 23. gxf3 Qc6 24. Be2 Rd5 25. h4 Nbd7 26. Rxd5 Nxd5 27. Qd4 a5 28. Kh1 h5 29. e4 (29. Kg1 $11) 29... Nb4 (29... Nf4 $1 $17 {[%cal Rf4e2]} 30. Bf1 Ng6) 30. f4 {[#]} (30. Bb2 $11 {keeps the balance.} e5 31. Qd6) 30... Nxc5 (30... e5 $1 $17 {[%cal Re5d4][%mdl 512]} 31. fxe5 Qe6) 31. Bxh5 (31. Bb2 $11 {remains equal.} f6 32. Kh2) 31... Nbd3 $17 32. Rc4 {[#]} (32. Rc2 $17) 32... Qb5 $2 ({Inferior is} 32... Qxe4+ 33. Qxe4 Nxf2+ 34. Kg2 $14) ({Better is} 32... Nxf2+ $1 $19 {[%mdl 512]} 33. Kg1 (33. Qxf2 $2 Nxe4 34. Bxf7+ Kh7 $19) 33... Nfd3) 33. f5 $2 (33. Kh2 $1 $11 {and White stays safe.}) 33... Qb1+ $2 (33... Nf4 $19 {Threatens to win with ...e5.} 34. Kh2 Nxh5 35. Rxc5 Rxc5 36. Qxc5 Qe2 37. fxe6 fxe6) 34. Kh2 $15 Qb8+ 35. Kg1 {[%cal Ra3c5]} Nf4 ({Black should try} 35... Rd8 $15 36. Qe3 Nf4 37. Bxf7+ Kxf7 38. Qxc5 Kg8) 36. Rxc5 $11 {The position is equal.} Rxc5 37. Bxc5 {Hoping for fxe6.} ({Much weaker is} 37. Qxc5 Qb1+ 38. Bc1 (38. Kh2 $2 Qxe4 39. Bxf7+ Kh7 $19) 38... Nxh5 $17) 37... Nxh5 38. fxe6 fxe6 {White must now prevent ...Qf4.} 39. Qxa4 Qd8 40. e5 Kh7 41. Be3 Qd5 42. Qc2+ Kg8 43. Qc8+ Kf7 44. Qc7+ Kg6 45. Qc2+ Kf7 46. Qc7+ {Accuracy: White = 45%, Black = 39%.} 1/2-1/2

[Event "103rd Marshall Chess Club-ch 2019"]
[Site "New York"]
[Date "2019.11.17"]
[Round "7"]
[White "Panjwani, Raja"]
[Black "Khamrakulov, Djurabek"]
[Result "1/2-1/2"]
[WhiteElo "2450"]
[BlackElo "2517"]
[Annotator "TA"]
[PlyCount "200"]
[EventDate "2019.11.14"]
[EventType "tourn"]
[EventCountry "USA"]
[SourceTitle "playchess.com"]
[Source "ChessBase"]
[SourceQuality "1"]

{[%evp 22,200,22,13,57,18,49,15,112,78,140,139,139,133,137,137,137,139,258,222,262,296,310,164,170,134,188,106,99,94,105,100,97,86,79,81,81,81,81,81,81,81,81,52,52,50,47,52,52,50,50,47,68,67,82,75,82,44,82,82,82,75,75,75,83,81,680,683,683,683,683,683,679,683,683,683,679,679,683,683,683,683,683,631,683,683,683,683,683,646,646,646,646,646,646,646,646,646,646,646,646,646,646,646,683,683,683,683,683,683,683,683,683,683,683,683,683,683,683,683,683,683,683,683,683,683,683,0,683,683,683,0,683,0,683,634,682,684,684,684,684,684,684,684,684,0,684,684,684,684,684,684,684,684,684,684,684,684,682,684,684,684,684,684,684,682,682,684,684,684,669,618,683,0,677,684,677,505,505,0,684]} 1. d4 Nf6 2. c4 e6 3. Nf3 c5 4. Nc3 d5 5. cxd5 Nxd5 6. e3 cxd4 7. exd4 Be7 8. Bd3 Nc6 9. O-O O-O 10. Re1 Nf6 11. a3 b6 12. Bc2 a5 {D42: Queen's Gambit Declined: Semi-Tarrasch: 5 cxd5 Nxd5 6 e3 Nc6 7 Bd3} (12... Bb7 13. Bg5 h6 14. Bh4 Ba6 15. Rc1 Rc8 16. Bb1 Qd6 17. Qc2 g6 18. Qd2 Kg7 19. Bg3 Qd7 20. Bf4 Rh8 21. Rcd1 {1-0 (40) Kosteniuk,A (2546)-Stefanova,A (2470) Hengshui 2019}) 13. Bg5 Ba6 14. Qd2 Re8 $146 (14... Bc4 $11 {remains equal.}) ({Predecessor:} 14... Rc8 15. Qf4 Bc4 16. Qh4 g6 17. d5 Bxd5 18. Rad1 Nh5 19. Nxd5 Bxg5 20. Nxg5 exd5 {½-½ (66) Stefanov,E (2241)-Dyulgerov,D (1987) Albena 2015}) 15. Rad1 h6 ({Black should try} 15... Bc4) 16. Bxf6 $16 Bxf6 17. d5 $1 $36 {[%cal Rd5c6][%mdl 2048] Black is under strong pressure.} exd5 18. Rxe8+ {[%mdl 64] Overworked Piece} Qxe8 19. Nxd5 Bd8 (19... Rd8 $16) 20. Re1 $18 {[%cal Re1e8]} Qf8 21. Qe3 g6 22. Nxb6 (22. h4 $142) 22... Ra7 23. Nd5 {And now Ne5 would win.} Bc4 24. Bb3 (24. Qd2 $18) 24... Bxb3 $16 25. Qxb3 {Hoping for Qc4.} Qc5 26. Qd3 {Threatens to win with b4!} Kg7 27. b4 axb4 28. axb4 Nxb4 29. Nxb4 Ba5 30. Nc2 ({Reject} 30. Na6 $6 Qb6 $11) 30... Bxe1 31. Nfxe1 Rc7 32. Qd4+ Qxd4 33. Nxd4 Rc4 34. Ne2 g5 35. g3 Re4 36. Kf1 h5 37. h3 Kg6 38. Ng2 f6 39. f3 Rb4 40. Kf2 Rb1 41. f4 Rh1 42. Ne3 {aiming for f5+.} Rh2+ 43. Kf3 f5 $2 {[%mdl 8192]} (43... Rh1 $16) 44. fxg5 $18 h4 45. Nf1 Rxh3 46. Nf4+ Kxg5 47. Nxh3+ Kh5 48. Nf4+ Kg5 {Now ...hxg3 and Black clings on.} 49. Ne6+ Kh5 50. Ng7+ {[%mdl 64] Double Attack} ({Not} 50. Nf4+ Kg5 $14) 50... Kg5 {and the idea ...hxg3 leaves Black hopeful.} 51. gxh4+ ({Weaker is} 51. Ne6+ Kh5 $14) 51... Kxh4 52. Kf4 Kh3 53. Ne3 Kh2 54. Nh5 Kg1 55. Ng3 Kf2 56. Nc2 Kg2 57. Ne1+ Kf2 58. Nd3+ Kg2 59. Ne2 Kh3 60. Ne1 Kh4 61. Ng3 Kh3 62. Kf3 f4 63. Nf5 Kh2 64. Nh4 Kg1 65. Nhg2 Kf1 66. Nd3 Kg1 67. Nc1 Kf1 68. Nb3 Kg1 69. Nd2 Kh2 70. Nh4 Kg1 71. Ne4 Kf1 72. Ng2 Kg1 73. Ng5 Kf1 74. Ne4 Kg1 75. Ne1 Kf1 76. Ng2 Kg1 77. Nd2 Kh2 78. Kf2 f3 79. Nf4 Kh1 80. Ne4 Kh2 81. Ng5 Kh1 82. Nh5 Kh2 83. Nf4 Kh1 84. Nd3 Kh2 {[#]} 85. Ne1 $1 Kh1 86. Nc2 Kh2 87. Ne3 Kh1 88. Ne4 Kh2 89. Nf5 Kh3 90. Nf6 Kh2 91. Ng4+ Kh3 92. Ne5 Kh2 93. Ng6 Kh3 {[#]} 94. Nh6 $1 Kh2 95. Nh4 Kh3 96. N4f5 Kh2 97. Ng4+ Kh3 98. Nge3 Kh2 99. Ng3 Kh3 100. Ngf5 Kh2 {[%mdl 32768] Accuracy: White = 61%, Black = 47%. . An unexpected result.} 1/2-1/2

[Event "103rd Marshall Chess Club-ch 2019"]
[Site "New York"]
[Date "2019.11.17"]
[Round "7"]
[White "Korley, Kassa"]
[Black "Barbosa, Oliver"]
[Result "0-1"]
[WhiteElo "2447"]
[BlackElo "2532"]
[Annotator "TA"]
[PlyCount "54"]
[EventDate "2019.11.14"]
[EventType "tourn"]
[EventCountry "USA"]
[SourceTitle "playchess.com"]
[Source "ChessBase"]
[SourceQuality "1"]

{[%evp 19,54,-2,0,-22,0,0,-11,-18,0,0,0,0,0,0,4,0,0,0,0,0,2,0,7,2,2,0,8,0,31,25,42,29,37,8,5,-442,-430]} 1. d4 d5 2. c4 e6 3. Nc3 Nf6 4. cxd5 exd5 5. Bg5 Bb4 6. e3 h6 7. Bxf6 Qxf6 8. a3 Bxc3+ 9. bxc3 O-O 10. Nf3 c5 11. Ne5 {D38: Queen's Gambit Declined: Ragozin Defence (4 Nf3 Bb4)} (11. Be2 Be6 12. Ne5 Rc8 13. O-O Nc6 14. f4 cxd4 15. cxd4 Ne7 16. Qb3 b6 17. Ba6 Rd8 18. Rac1 Bc8 {½-½ (75) Pascua,H (2423)-Zhang,Z (2614) Ho Chi Minh City 2015}) 11... Nd7 $146 ({Predecessor:} 11... Nc6 12. Nxc6 bxc6 13. Be2 Bf5 14. Bd3 Bxd3 15. Qxd3 c4 16. Qc2 Rfb8 17. Rb1 Qd8 18. O-O Rxb1 19. Rxb1 {½-½ (32) Mitic,N-Milovanovic,S (2108) Kragujevac 2018}) 12. Nxd7 Bxd7 13. Be2 {The position is equal.} Rac8 14. O-O Bf5 15. Bf3 Rfd8 16. Qb3 Rc7 17. dxc5 Rxc5 18. Qxb7 Rd7 19. Qb8+ Kh7 $1 20. Rad1 Rxc3 21. Bxd5 Rxa3 22. Qf4 Qg6 {[#] Threatens to win with ...Rxd5!} 23. Bf3 Qe6 24. h4 {Hoping for e4.} Re7 25. h5 Be4 26. Rd8 Bxf3 27. Qb8 $2 {[%mdl 8192] [#]} (27. Qxf3 $11 {and White is okay.} Ra5 28. Rc1) 27... Bxh5 {Accuracy: White = 45%, Black = 58%.} 0-1

[Event "103rd Marshall Chess Club-ch 2019"]
[Site "New York"]
[Date "2019.11.17"]
[Round "7"]
[White "Krush, Irina"]
[Black "Yudasin, Leonid"]
[Result "1-0"]
[WhiteElo "2424"]
[BlackElo "2507"]
[Annotator "TA"]
[PlyCount "41"]
[EventDate "2019.11.14"]
[EventType "tourn"]
[EventCountry "USA"]
[SourceTitle "playchess.com"]
[Source "ChessBase"]
[SourceQuality "1"]

{[%evp 15,41,-2,17,14,27,10,51,27,31,32,64,30,45,50,43,36,36,34,86,93,325,355,2120,2107,2023,1941,29995,29996]} 1. d4 Nf6 2. Nf3 e6 3. e3 c5 4. Bd3 Nc6 5. O-O d5 6. b3 Qc7 7. a3 Bd6 8. Bb2 O-O 9. dxc5 {D05: Colle System with ...e6} (9. Nc3 a6 10. dxc5 Bxc5 11. e4 d4 12. Ne2 Rd8 13. Ng3 e5 14. Qe2 Ne7 15. Nh4 Ng6 16. Nxg6 hxg6 {0-1 (26) Croad,N (2406)-Wastney,S (2434) Wellington 2016}) 9... Bxc5 10. Nbd2 Rd8 $146 ({Predecessor:} 10... e5 11. e4 Rd8 12. exd5 Nxd5 13. b4 Bf8 {½-½ (43) Marrero Cardenes,A (2030)-Also Alvarado,L (2167) Las Palmas 2016}) 11. c4 {White is slightly better.} dxc4 12. Bxc4 Be7 13. Qe2 a6 14. Rac1 b5 15. Bd3 Bb7 16. Ne4 Nxe4 (16... Qb6 $14) 17. Bxe4 $16 {Ne5! is the strong threat.} Rac8 $2 {[#]} (17... Qb6 $16) 18. Ne5 $1 $18 {[%cal Re5c6][%mdl 576] Pin} Qb6 $2 {[#]} (18... Rd5 19. Bxd5 exd5) (18... Nxe5 19. Rxc7) 19. Qh5 $1 {[%mdl 512]} g6 {[#]} 20. Nxg6 $1 {[%mdl 576] White threatens Ne5 and mate. Demolition} fxg6 {[#]} 21. Bxg6 $1 {[%mdl 512] Accuracy: White = 81%, Black = 26%.} 1-0

[Event "103rd Marshall Chess Club-ch 2019"]
[Site "New York"]
[Date "2019.11.17"]
[Round "8"]
[White "Barbosa, Oliver"]
[Black "Krush, Irina"]
[Result "1-0"]
[WhiteElo "2532"]
[BlackElo "2424"]
[Annotator "TA"]
[PlyCount "58"]
[EventDate "2019.11.14"]
[EventType "tourn"]
[EventCountry "USA"]

{[%evp 22,58,36,32,32,32,25,23,31,25,43,0,20,0,21,0,0,0,0,0,55,53,44,0,0,0,46,42,41,37,51,44,132,122,287,227,217,207,186]} 1. c4 c5 2. Nf3 Nc6 3. Nc3 g6 4. e3 Nf6 5. d4 cxd4 6. exd4 d5 7. cxd5 Nxd5 8. Qb3 Nxc3 9. Bc4 Nd5 10. Bxd5 e6 11. Bxc6+ bxc6 12. O-O f6 {A35: Symmetrical English: 2 Nc3 Nc6 3 Nf3} 13. Be3 Qd5 14. Rfc1 Be7 {White has an edge.} 15. Nd2 Bd7 {[#]} 16. Nc4 $146 ({Predecessor:} 16. Qc3 Kf7 17. Nc4 Rhb8 18. Bf4 Rb5 19. Rd1 Be8 20. b3 {1-0 (73) So,W (2810)-Duda,J (2707) Leon 2017}) 16... Kf7 17. Bf4 g5 18. Bg3 h5 19. h3 h4 20. Bh2 Rhd8 (20... c5 $11) 21. Qd3 $14 Qf5 22. Qe2 Be8 23. Rd1 c5 24. Ne3 $36 {[%mdl 2048] White is more active.} Qe4 25. f3 Qb7 26. d5 $1 {Threatens to win with f4.} exd5 (26... e5 $1 $14) 27. f4 {fxg5 is the strong threat.} Kg8 $2 {[#]} (27... d4 $16 28. Nf5 Rd5) 28. Nf5 Bf8 29. fxg5 Qh7 {Accuracy: White = 77%, Black = 43%.} 1-0

[Event "103rd Marshall Chess Club-ch 2019"]
[Site "New York"]
[Date "2019.11.17"]
[Round "8"]
[White "Khamrakulov, Djurabek"]
[Black "Paragua, Mark"]
[Result "1/2-1/2"]
[WhiteElo "2517"]
[BlackElo "2496"]
[Annotator "TA"]
[PlyCount "62"]
[EventDate "2019.11.14"]
[EventType "tourn"]
[EventCountry "USA"]
[SourceTitle "playchess.com"]
[Source "ChessBase"]
[SourceQuality "1"]

{[%evp 12,62,2,11,22,-29,-16,-22,18,-18,-20,-40,-52,-43,-11,-6,-8,-8,-6,-14,0,0,0,0,0,-2,0,0,0,0,0,0,0,0,0,0,0,0,0,0,0,-8,0,10,31,9,36,45,31,33,43,24,16]} 1. Nf3 Nf6 2. c4 e6 3. Nc3 c5 4. e3 Nc6 5. d4 d5 6. a3 dxc4 7. Bxc4 a6 {D40: Queen's Gambit Declined: Semi-Tarrasch with 5 e3} 8. d5 $146 (8. O-O $142) ({Predecessor:} 8. O-O b5 9. Ba2 Bb7 10. Qe2 Qc7 11. Bd2 Rd8 12. dxc5 Bxc5 13. Rac1 Bd6 14. Bb1 Qb8 15. Ne4 Nxe4 16. Bxe4 Ne7 17. Bxb7 Qxb7 18. Ba5 {½-½ (67) Gelfand,B (2673)-Svidler,P (2737) St Petersburg 2018}) 8... exd5 $11 9. Nxd5 Be6 {[%cal Rf6d5] The position is equal.} 10. Nxf6+ (10. e4 $5) 10... Qxf6 11. Qc2 Bxc4 12. Qxc4 Bd6 (12... Be7 {with more complications.} 13. O-O b5 14. Qe4 Rc8 15. Rb1 Qg6) 13. Qe4+ Qe7 14. Qxe7+ Kxe7 15. Bd2 Rhd8 16. Ke2 f6 17. Rhd1 Rd7 18. Bc3 Rad8 19. g4 Ke6 20. h3 Bc7 21. Nd2 Be5 22. Bxe5 Nxe5 23. Ne4 b6 24. Rxd7 Rxd7 {[%mdl 4096] Endgame KRN-KRN} 25. Rc1 Kd5 26. f3 a5 27. b3 Ke6 28. a4 Nc6 29. Nd2 Kd6 30. Nc4+ Kc7 31. f4 Ne7 {Accuracy: White = 71%, Black = 56%.} 1/2-1/2

[Event "103rd Marshall Chess Club-ch 2019"]
[Site "New York"]
[Date "2019.11.17"]
[Round "8"]
[White "Yudasin, Leonid"]
[Black "Steingrimsson, Hedinn"]
[Result "1/2-1/2"]
[WhiteElo "2507"]
[BlackElo "2549"]
[Annotator "TA"]
[PlyCount "61"]
[EventDate "2019.11.14"]
[EventType "tourn"]
[EventCountry "USA"]
[SourceTitle "playchess.com"]
[Source "ChessBase"]
[SourceQuality "1"]

{[%evp 25,61,0,0,-7,0,0,0,0,0,0,0,0,0,0,0,-10,-4,-1,-2,-12,-8,-7,0,0,0,0,0,0,0,0,0,0,0,0,0,0,0,0]} 1. c4 c6 2. Nf3 d5 3. cxd5 cxd5 4. d4 Nf6 5. Nc3 Nc6 6. Bf4 Bf5 7. e3 e6 8. Bd3 Bxd3 9. Qxd3 Bd6 10. Bxd6 Qxd6 11. O-O O-O 12. Rfc1 Rfc8 13. h3 h6 {The position is equal.} 14. Nd2 {D14: Slav Defence: Exchange variation with ...Bf5} (14. a3 Nd7 15. Ne2 a6 16. Rc3 Ne7 17. Rac1 Rxc3 18. Rxc3 Rc8 19. Rxc8+ Nxc8 20. Qc3 Ne7 21. Ne1 Qc6 {½-½ (31) Bai,J (2606)-Bu,X (2729) Daqing 2019}) 14... Nd7 15. a3 Nb6 16. Qb5 {[#]} Qd8 $146 ({Predecessor:} 16... Ne7 17. Na4 Nxa4 18. Qxa4 Rc6 19. Rxc6 Qxc6 20. Qxc6 Nxc6 21. Rc1 Rc8 {½-½ (31) Tratar,M (2494)-Ruck,R (2563) Slovenia 2013}) 17. Na4 Nxa4 18. Qxa4 Ne7 19. Qb4 b6 20. Qb5 Rxc1+ 21. Rxc1 Rc8 22. Qf1 (22. Rxc8 {looks sharper.} Qxc8 23. g4 g5 24. Kg2 Kf8 25. Nf3) 22... Rxc1 23. Qxc1 Qc8 24. Qxc8+ Nxc8 $11 {[%mdl 4096] Endgame KN-KN} 25. Kf1 Kf8 26. Ke2 Ke7 27. Kd3 Nd6 28. b3 Kd7 29. Nb1 f5 30. Nc3 g5 31. f3 {Accuracy: White = 74%, Black = 68%.} 1/2-1/2